000 00924nam a2200337 a 4500
003 AR-BaBNM
005 20251128210138.0
008 082120s2002 ||||||||||||||000 | spa||
020 _a84-7046-371-3
040 _cAR-BaBNM
100 1 _aLópez García, Carolina
245 0 0 _aTren Trotron
_bmódulo 2
_n2
250 _a1ª ed.
260 _aBuenos Aires
_bCincel-Kapelusz
_c1992
300 _bil.
500 _aCarece de paginación
500 _aAl final del texto hay plantillas para recortar
521 _aINICIAL
650 4 _aEXPRESION ORAL
650 4 _aPERCEPCION VISUAL
650 4 _aPSICOMOTRICIDAD
650 4 _aCOORDINACION SENSOMOTRIZ
650 4 _aACTIVIDADES DE APRENDIZAJE
653 _aNIVEL INICIAL
653 _aCOMPRENSION LECTORA
653 _aEDUCACION PLASTICA
700 1 _aMatías Mateo, Consuelo
700 1 _aRosenvinge Hepworth, Ana
942 _cBK
998 _cCarmen
999 _c14243
_d14243